Largest Cities in Ontario - Statistics

General Stats
  • This quiz has been taken 5 times
  • The average score is 12 of 50
Answer Stats
Rank Population Answer % Correct
3 729,560 Hamilton
100%
4 522,888 Kitchener
100%
2 1,068,821 Ottawa/Gattineau
100%
1 5,647,656 Toronto
100%
5 423,369 London
75%
8 242,460 St. Catherines/Niagara Falls
75%
15 95,266 Thunder Bay
75%
7 306,519 Windsor
75%
10 144,356 Guelph
50%
12 127,943 Kingston
50%
6 335,949 Oshawa
50%
16 92,093 Sudbury
50%
9 154,676 Barrie
25%
18 75,052 Belleville
25%
45 22,293 Brockville
25%
27 45,171 Chatham
25%
42 22,983 Collingwood
25%
41 23,209 Fergus
25%
31 35,730 Leamington
25%
13 124,579 Milton
25%
32 34,177 Orangeville
25%
50 16,571 Pembroke
25%
17 84,793 Peterborough
25%
21 64,923 Sault Ste. Marie
25%
36 28,874 Timmins
25%
40 23,253 Alliston
0%
38 26,795 Bolton
0%
22 56,742 Bowmanville/Newcastle
0%
29 38,128 Bradford
0%
14 104,413 Brantford
0%
47 19,830 Coburg
0%
24 47,286 Cornwall
0%
28 44,058 Georgetown
0%
35 29,464 Innisfil
0%
11 137,118 Kanata
0%
37 27,145 Keswick/Elmhurst Beach
0%
43 22,367 Lindsay
0%
39 26,246 Midland
0%
23 51,433 North Bay
0%
33 33,379 Orillia
0%
44 22,318 Owen Sound
0%
19 73,944 Sarnia
0%
30 36,753 Stouffville
0%
34 32,878 Stratford
0%
26 45,732 St. Thomas
0%
48 18,573 Tillsonburg
0%
49 17,251 Valley East
0%
46 22,194 Wasaga Beach
0%
20 69,302 Welland/Pelham
0%
25 46,296 Woodstock
0%
No matching quizzes found
Score Distribution
Percent of People with Each Score
Percentile by Number Answered
Your Score History
You have not taken this quiz